Teología de la liberación /
Guardado en:
| Autor principal: | |
|---|---|
| Formato: | Texto |
| Materias: | |
| Etiquetas: |
Agregar Etiqueta
Sin Etiquetas, Sea el primero en etiquetar este registro!
|
MARC
| LEADER | 00000 a a2200000 04500 | ||
|---|---|---|---|
| 001 | 9479 | ||
| 003 | |||
| 040 | |||
| 100 | |a Farrel R, Gerardo T. | ||
| 245 | |a Teología de la liberación / |c Gerardo T. Farrel R | ||
| 650 | |a TEOLOGIA | ||
| 773 | |g número 64; páginas 1-33 | ||
| 999 | |c 38213 |d 38213 | ||
